000 00746cam a2200229 4500
001 ABS64687
008 011016n2001 000 0 eng u
035 _a(Sirsi) u115129
100 _aFlaxman, R.
245 _aGet the best from a hard market
260 _c2001
490 _aCSM
_bChartered Surveyor Monthly
_v(October 2001) 29(1)
520 _aAssessment of the insurance market. Considers several tips for getting the best from the market. Includes tactics to help reduce premium costs and long term policy options.
590 _aABS
650 _aINSURANCE MARKET
650 _aRISK MANAGEMENT
650 _aINSURANCE PREMIUMS
650 _aPAYMENT
650 _aLONG TERM POLICIES
690 _aInsurance
_96249
942 _n0
999 _c68566
_d68566